| 000 | 00425 a2200157 4500 | ||
|---|---|---|---|
| 005 | 20250628060950.0 | ||
| 020 | _a0-912503-15-7 | ||
| 082 | _a657ARE | ||
| 100 | _aARENS, A. A. | ||
| 245 | _aComputerized Accounting: Using Microsoft Great Plans Dynamics, | ||
| 250 | _a2nd Ed. | ||
| 260 |
_aNew York, _bMcGraw- Hill, _c1976. |
||
| 300 |
_a 174p, : ill.; figure _bReference _c27.5cm |
||
| 700 | _aWard, d. d. | ||
| 942 |
_2ddc _cBKS |
||
| 999 |
_c5811 _d5811 |
||